000 00662nam a2200265Ia 4500
003 OSt
005 20221006142723.0
006 a|||||r|||| 00| 0
007 ta
008 221006b |||||||| |||| 00| 0 eng d
020 _c420.10
024 _a7,028
037 _cTextual
040 _aEASL
_cEASL
_beng
041 _2eng
_aeng
082 _aQ842:35, M4
100 _aOKADA Mokichi
_9648261
245 0 _aJohrei divine light os salvation
260 _aJapan
_bSociety of Johrei
_c1984
300 _a240p.
_ccm.
490 _v Gen
650 _aGen
942 _hQ842:35, M4
_cTEXL
_2CC
999 _c1075114
_d1075114